<?xml version="1.0" encoding="UTF-8"?><?xml-stylesheet type="text/xsl" href="static/style.xsl"?><OAI-PMH xmlns="http://www.openarchives.org/OAI/2.0/" xmlns:xsi="http://www.w3.org/2001/XMLSchema-instance" xsi:schemaLocation="http://www.openarchives.org/OAI/2.0/ http://www.openarchives.org/OAI/2.0/OAI-PMH.xsd"><responseDate>2026-04-13T15:19:53Z</responseDate><request verb="GetRecord" identifier="oai:www.recercat.cat:20.500.12327/737" metadataPrefix="marc">https://recercat.cat/oai/request</request><GetRecord><record><header><identifier>oai:recercat.cat:20.500.12327/737</identifier><datestamp>2025-10-22T11:12:52Z</datestamp><setSpec>com_2072_4428</setSpec><setSpec>com_2072_4427</setSpec><setSpec>col_2072_487898</setSpec></header><metadata><record xmlns="http://www.loc.gov/MARC21/slim" xmlns:dcterms="http://purl.org/dc/terms/" xmlns:xsi="http://www.w3.org/2001/XMLSchema-instance" xmlns:doc="http://www.lyncode.com/xoai" xsi:schemaLocation="http://www.loc.gov/MARC21/slim http://www.loc.gov/standards/marcxml/schema/MARC21slim.xsd">
   <leader>00925njm 22002777a 4500</leader>
   <datafield ind2=" " ind1=" " tag="042">
      <subfield code="a">dc</subfield>
   </datafield>
   <datafield ind2=" " ind1=" " tag="720">
      <subfield code="a">Formoso‑Raferty, Nora</subfield>
      <subfield code="e">author</subfield>
   </datafield>
   <datafield ind2=" " ind1=" " tag="720">
      <subfield code="a">Cervantes, Isabel</subfield>
      <subfield code="e">author</subfield>
   </datafield>
   <datafield ind2=" " ind1=" " tag="720">
      <subfield code="a">Sánchez, Juan Pablo</subfield>
      <subfield code="e">author</subfield>
   </datafield>
   <datafield ind2=" " ind1=" " tag="720">
      <subfield code="a">Gutiérrez, Juan Pablo</subfield>
      <subfield code="e">author</subfield>
   </datafield>
   <datafield ind2=" " ind1=" " tag="720">
      <subfield code="a">Bodin, Loys</subfield>
      <subfield code="e">author</subfield>
   </datafield>
   <datafield ind2=" " ind1=" " tag="260">
      <subfield code="c">2019-06-13</subfield>
   </datafield>
   <datafield ind2=" " ind1=" " tag="520">
      <subfield code="a">Selection of mice for decreased environmental variability of birth weight has achieved higher survivability and larger litter size as a correlated response to canalized selection, which suggests higher welfare and robustness, and animals that are more homogeneous. However, in these studies, animals were not exposed to an environmental challenge. To demonstrate the advantages of this mouse line with a low environmental variability of birth weight, animals from two divergent lines (high and low variability of birth weight) were subjected to feed restriction. The objective of this study was to use these divergent lines to compare their response in terms of robustness against an environmental challenge. At weaning, 120 females, i.e. four full-sib females from 10 random litters of three consecutive generations of selection, were chosen from these divergent lines. The total number of females was divided into four groups, which were subjected to a feeding regimen by imposing different levels of feed restriction (i.e. 75, 90 and 85% of full ad libitum feed across three generations, respectively) in different combinations during the growth and reproduction periods.</subfield>
   </datafield>
   <datafield ind1="8" ind2=" " tag="024">
      <subfield code="a">Formoso-Rafferty, Nora, Isabel Cervantes, Juan Pablo Sánchez, Juan Pablo Gutiérrez, and Loys Bodin. 2019. "Effect Of Feed Restriction On The Environmental Variability Of Birth Weight In Divergently Selected Lines Of Mice". Genetics Selection Evolution 51 (1). doi:10.1186/s12711-019-0471-9.</subfield>
   </datafield>
   <datafield ind1="8" ind2=" " tag="024">
      <subfield code="a">0999-193X</subfield>
   </datafield>
   <datafield ind1="8" ind2=" " tag="024">
      <subfield code="a">http://hdl.handle.net/20.500.12327/737</subfield>
   </datafield>
   <datafield ind1="8" ind2=" " tag="024">
      <subfield code="a">https://doi.org/10.1186/s12711-019-0471-9</subfield>
   </datafield>
   <datafield ind2="0" ind1="0" tag="245">
      <subfield code="a">Efect of feed restriction on the environmental variability of birth weight in divergently selected lines of mice</subfield>
   </datafield>
</record></metadata></record></GetRecord></OAI-PMH>